[Event "Bruges Masters 2019"]
[Site "Bruges"]
[Date "2019.08.13"]
[Round "5.5"]
[White "Pel, Bonno"]
[Black "Quesada Vera, Liordis"]
[Result "1-0"]
[WhiteElo "2255"]
[BlackElo "2386"]
[Annotator "ChessBase"]
[PlyCount "137"]
[EventDate "2019.08.11"]
[EventType "swiss"]
[EventCountry "BEL"]
[SourceTitle "playchess.com"]
[Source "ChessBase"]
[SourceQuality "1"]
[TimeControl "5400+30"]

1. g3 {[%emt 0:08:09]} d6 {[%emt 0:04:32]} 2. Bg2 {[%emt 0:00:12]} Nd7 {[%emt 0:00:21]} 3. d4 {[%emt 0:08:18]} e5 {[%emt 0:00:31]} 4. Nf3 {[%emt 0:01:48]} c6 {[%emt 0:00:24]} 5. O-O {[%emt 0:03:13]} Ngf6 {[%emt 0:01:13]} 6. c4 {[%emt 0:04:24]} Be7 {[%emt 0:00:36]} 7. Nc3 {[%emt 0:01:04]} O-O {[%emt 0:00:10]} 8. Qc2 {[%emt 0:01:30]} Re8 {[%emt 0:00:27]} 9. Rd1 {[%emt 0:03:54]} Qc7 {[%emt 0:00:18]} 10. b3 {[%emt 0:03:21]} Bf8 {[%emt 0:05:37]} 11. Bb2 {[%emt 0:03:44]} h6 {[%emt 0:02:51]} 12. e4 {[%emt 0:06:59]} exd4 {[%emt 0:09:59]} 13. Nxd4 {[%emt 0:01:06]} Nc5 {[%emt 0:00:17]} 14. b4 {[%emt 0:09:00]} Ne6 {[%emt 0:20:27]} 15. Nb3 {[%emt 0:05:27]} Ng5 {[%emt 0:08:54]} 16. h4 {[%emt 0:06:28]} Ngh7 {[%emt 0:05:06]} 17. a3 {[%emt 0:03:26]} Ng4 {[%emt 0:00:47]} 18. Rd2 {[%emt 0:04:55]} Ne5 {[%emt 0:01:11]} 19. Nd1 {[%emt 0:00:52]} Bg4 {[%emt 0:15:48]} 20. Qc3 {[%emt 0:02:06]} Nf6 {[%emt 0:01:58]} 21. f3 {[%emt 0:02:45]} Be6 {[%emt 0:01:37]} 22. Ne3 {[%emt 0:02:40]} Nh5 {[%emt 0:03:37]} 23. Kh2 {[%emt 0:03:23]} Nxc4 {[%emt 0:08:44]} 24. Nxc4 {[%emt 0:01:39]} Bxc4 {[%emt 0:00:05]} 25. Qxc4 {[%emt 0:02:12]} d5 {[%emt 0:00:05]} 26. Qc3 {[%emt 0:00:45]} Qxg3+ {[%emt 0:00:27]} 27. Kg1 {[%emt 0:00:48]} Bd6 {[%emt 0:02:56]} 28. f4 {[%emt 0:02:46]} Qxf4 {[%emt 0:00:57]} 29. Qh3 {[%emt 0:01:01]} Ng3 {[%emt 0:01:20]} 30. Rf2 {[%emt 0:01:34]} Qe3 {[%emt 0:00:55]} 31. Qg4 {[%emt 0:00:36]} Be5 {[%emt 0:01:03]} 32. Bxe5 {[%emt 0:00:35]} Rxe5 {[%emt 0:00:01]} 33. Nd2 {[%emt 0:01:22]} f5 {[%emt 0:01:16]} 34. exf5 {[%emt 0:00:59]} Rxf5 {[%emt 0:00:42]} 35. Nf3 {[%emt 0:00:47]} Ne4 {[%emt 0:01:13]} 36. Qxf5 {[%emt 0:00:37]} Qxf2+ {[%emt 0:00:20]} 37. Kh2 {[%emt 0:00:04]} Qg3+ {[%emt 0:00:33]} 38. Kg1 {[%emt 0:00:30]} Qf2+ {[%emt 0:00:51]} 39. Kh2 {[%emt 0:00:01]} Qg3+ {[%emt 0:00:16]} 40. Kg1 {[%emt 0:00:05]} Rf8 {[%emt 0:00:04]} 41. Qe6+ {[%emt 0:00:17]} Kh8 {[%emt 0:00:55]} 42. Rf1 {[%emt 0:00:06]} Qf4 {[%emt 0:00:42]} 43. Qe5 {[%emt 0:01:12]} Qe3+ {[%emt 0:00:10]} 44. Kh2 {[%emt 0:00:13]} Nf6 {[%emt 0:01:09]} 45. Qxe3 {[%emt 0:02:20]} Ng4+ {[%emt 0:00:01]} 46. Kg3 {[%emt 0:00:13]} Nxe3 {[%emt 0:00:02]} 47. Re1 {[%emt 0:00:07]} Nc2 {[%emt 0:00:56]} 48. Re7 {[%emt 0:00:23]} Rb8 {[%emt 0:00:01]} 49. Ne5 {[%emt 0:00:45]} Nxa3 {[%emt 0:00:22]} 50. Kf4 {[%emt 0:01:03]} Nb5 {[%emt 0:00:24]} 51. Bh3 {[%emt 0:01:51]} Nd4 {[%emt 0:00:22]} 52. Ng6+ {[%emt 0:00:36]} Kh7 {[%emt 0:00:22]} 53. h5 {[%emt 0:00:07]} b6 {[%emt 0:01:01]} 54. Rxa7 {[%emt 0:01:39]} c5 {[%emt 0:00:04]} 55. Rd7 {[%emt 0:00:16]} Ne2+ {[%emt 0:01:02]} 56. Ke3 {[%emt 0:01:01]} Nc3 {[%emt 0:01:16]} 57. Bf5 {[%emt 0:00:17]} Re8+ {[%emt 0:00:15]} 58. Ne7+ {[%emt 0:00:39]} Kh8 {[%emt 0:00:06]} 59. Bg6 {[%emt 0:00:03]} Rf8 {[%emt 0:00:37]} 60. Nf5 {[%emt 0:00:43]} cxb4 {[%emt 0:01:10]} 61. Rxg7 {[%emt 0:00:29]} d4+ {[%emt 0:00:19]} 62. Kxd4 {[%emt 0:00:44]} Rd8+ {[%emt 0:00:16]} 63. Kc4 {[%emt 0:00:27]} b5+ {[%emt 0:00:12]} 64. Kb3 {[%emt 0:00:16]} Nd5 {[%emt 0:01:09]} 65. Rh7+ {[%emt 0:00:08]} Kg8 {[%emt 0:00:07]} 66. Rf7 {[%emt 0:00:26]} Kh8 {[%emt 0:00:33]} 67. Nxh6 {[%emt 0:00:31]} Nf6 {[%emt 0:00:18]} 68. Rxf6 {[%emt 0:00:15]} Kg7 {[%emt 0:00:03]} 69. Ng4 {[%emt 0:00:08]} 1-0

[Event "Bruges Masters 2019"]
[Site "Bruges"]
[Date "2019.08.13"]
[Round "5.6"]
[White "Goudriaan, Etienne"]
[Black "Faure, Stephane"]
[Result "1-0"]
[WhiteElo "2341"]
[BlackElo "2045"]
[Annotator "ChessBase"]
[PlyCount "75"]
[EventDate "2019.08.11"]
[EventType "swiss"]
[EventCountry "BEL"]
[SourceTitle "playchess.com"]
[Source "ChessBase"]
[SourceQuality "1"]
[TimeControl "5400+30"]

1. d4 {[%emt 0:00:00]} Nf6 {[%emt 0:00:00]} 2. c4 {[%emt 0:00:00]} e6 {[%emt 0:00:00]} 3. Nc3 {[%emt 0:00:00]} d5 {[%emt 0:00:00]} 4. Nf3 {[%emt 0:00:12]} c5 {[%emt 0:01:14]} 5. cxd5 {[%emt 0:00:10]} exd5 {[%emt 0:00:07]} 6. Bg5 {[%emt 0:04:18]} Be6 {[%emt 0:05:54]} 7. e3 {[%emt 0:01:05]} c4 {[%emt 0:02:09]} 8. Be2 {[%emt 0:00:40]} Be7 {[%emt 0:00:50]} 9. O-O {[%emt 0:00:18]} Nc6 {[%emt 0:08:31]} 10. Ne5 {[%emt 0:03:54]} h6 {[%emt 0:07:24]} 11. Bh4 {[%emt 0:02:44]} O-O {[%emt 0:03:23]} 12. f4 {[%emt 0:00:39]} Na5 {[%emt 0:10:39]} 13. Bf3 {[%emt 0:04:00]} Rb8 {[%emt 0:10:10]} 14. Qc2 {[%emt 0:04:26]} b5 {[%emt 0:06:50]} 15. a3 {[%emt 0:02:48]} Rb6 {[%emt 0:08:28]} 16. f5 {[%emt 0:08:00]} Bc8 {[%emt 0:01:55]} 17. Bxf6 {[%emt 0:00:22]} Bxf6 {[%emt 0:02:37]} 18. Nxd5 {[%emt 0:00:27]} Rd6 {[%emt 0:00:40]} 19. Nxf6+ {[%emt 0:00:43]} Qxf6 {[%emt 0:01:10]} 20. Be4 {[%emt 0:00:48]} Re8 {[%emt 0:08:11]} 21. Rf4 {[%emt 0:01:52]} Qd8 {[%emt 0:02:41]} 22. Qc3 {[%emt 0:02:20]} Nb3 {[%emt 0:01:13]} 23. Raf1 {[%emt 0:00:15]} Nd2 {[%emt 0:02:34]} 24. Qxd2 {[%emt 0:02:58]} Rxe5 {[%emt 0:00:26]} 25. Qe1 {[%emt 0:11:10]} Re8 {[%emt 0:01:10]} 26. f6 {[%emt 0:08:34]} g5 {[%emt 0:04:37]} 27. Qg3 {[%emt 0:01:10]} Ree6 {[%emt 0:07:14]} 28. h4 {[%emt 0:06:40]} Rxf6 {[%emt 0:00:45]} 29. hxg5 {[%emt 0:00:10]} Rxf4 {[%emt 0:02:26]} 30. Qxf4 {[%emt 0:00:09]} Qf8 {[%emt 0:00:13]} 31. g6 {[%emt 0:01:17]} f6 {[%emt 0:00:22]} 32. Rf3 {[%emt 0:03:59]} Kg7 {[%emt 0:01:31]} 33. g4 {[%emt 0:01:27]} Rd7 {[%emt 0:00:33]} 34. Bf5 {[%emt 0:04:26]} a5 {[%emt 0:00:04]} 35. Rh3 {[%emt 0:01:36]} Qh8 {[%emt 0:00:13]} 36. g5 {[%emt 0:01:21]} hxg5 {[%emt 0:00:23]} 37. Rxh8 {[%emt 0:00:06]} gxf4 {[%emt 0:00:09]} 38. Rh7+ {[%emt 0:00:05]} 1-0

[Event "Bruges Masters 2019"]
[Site "Bruges"]
[Date "2019.08.13"]
[Round "5.7"]
[White "Dauw, Sterre"]
[Black "Dgebuadze, Alexandre"]
[Result "0-1"]
[WhiteElo "2148"]
[BlackElo "2495"]
[Annotator "ChessBase"]
[PlyCount "44"]
[EventDate "2019.08.11"]
[EventType "swiss"]
[EventCountry "BEL"]
[SourceTitle "playchess.com"]
[Source "ChessBase"]
[SourceQuality "1"]
[TimeControl "5400+30"]

1. e4 {[%emt 0:00:18]} c5 {[%emt 0:00:00]} 2. Nf3 {[%emt 0:00:16]} d6 {[%emt 0:00:00]} 3. d4 {[%emt 0:02:23]} cxd4 {[%emt 0:00:00]} 4. Nxd4 {[%emt 0:00:04]} Nf6 {[%emt 0:00:00]} 5. Nc3 {[%emt 0:00:06]} g6 {[%emt 0:00:00]} 6. Be3 {[%emt 0:00:09]} Bg7 {[%emt 0:00:04]} 7. f3 {[%emt 0:00:05]} Nc6 {[%emt 0:00:28]} 8. Qd2 {[%emt 0:04:49]} O-O {[%emt 0:00:42]} 9. g4 {[%emt 0:00:08]} Be6 {[%emt 0:05:36]} 10. Nxe6 {[%emt 0:01:02]} fxe6 {[%emt 0:00:05]} 11. O-O-O {[%emt 0:00:09]} Ne5 {[%emt 0:04:32]} 12. Be2 {[%emt 0:03:03]} Rc8 {[%emt 0:12:37]} 13. h4 {[%emt 0:10:22]} Qa5 {[%emt 0:21:52]} 14. h5 {[%emt 0:03:01]} b5 {[%emt 0:02:17]} 15. hxg6 {[%emt 0:10:26]} b4 {[%emt 0:17:02]} 16. gxh7+ {[%emt 0:10:55]} Nxh7 {[%emt 0:00:10]} 17. Nb1 {[%emt 0:00:05]} Nxf3 {[%emt 0:09:30]} 18. Bxf3 {[%emt 0:01:08]} Rxf3 {[%emt 0:00:15]} 19. Bd4 {[%emt 0:14:39]} e5 {[%emt 0:03:47]} 20. Be3 {[%emt 0:05:13]} Qxa2 {[%emt 0:02:33]} 21. Qh2 {[%emt 0:03:46]} Nf8 {[%emt 0:01:36]} 22. Bh6 {[%emt 0:10:10]} Rb3 {[%emt 0:00:52]} 0-1

[Event "Bruges Masters 2019"]
[Site "Bruges"]
[Date "2019.08.13"]
[Round "5.8"]
[White "Goossens, Hanne"]
[Black "Jonkman, Harmen"]
[Result "0-1"]
[WhiteElo "2134"]
[BlackElo "2394"]
[Annotator "ChessBase"]
[PlyCount "110"]
[EventDate "2019.08.11"]
[EventType "swiss"]
[EventCountry "BEL"]
[SourceTitle "playchess.com"]
[Source "ChessBase"]
[SourceQuality "1"]
[TimeControl "5400+30"]

1. e4 {[%emt 0:00:00]} e5 {[%emt 0:00:00]} 2. Nf3 {[%emt 0:00:00]} Nc6 {[%emt 0:00:00]} 3. Bc4 {[%emt 0:00:00]} Bc5 {[%emt 0:00:14]} 4. c3 {[%emt 0:00:04]} Nf6 {[%emt 0:00:13]} 5. d3 {[%emt 0:00:10]} a5 {[%emt 0:02:03]} 6. O-O {[%emt 0:03:30]} d6 {[%emt 0:00:05]} 7. h3 {[%emt 0:02:35]} h6 {[%emt 0:00:30]} 8. Nbd2 {[%emt 0:01:47]} O-O {[%emt 0:00:34]} 9. Re1 {[%emt 0:01:15]} Be6 {[%emt 0:04:16]} 10. a4 {[%emt 0:04:53]} Qb8 {[%emt 0:09:03]} 11. Nh4 {[%emt 0:03:35]} Kh7 {[%emt 0:19:41]} 12. Qf3 {[%emt 0:03:28]} Ng8 {[%emt 0:07:38]} 13. Nf1 {[%emt 0:12:15]} Bxc4 {[%emt 0:03:49]} 14. dxc4 {[%emt 0:00:18]} g6 {[%emt 0:00:23]} 15. Be3 {[%emt 0:09:13]} Qd8 {[%emt 0:02:13]} 16. Qg3 {[%emt 0:01:52]} b6 {[%emt 0:02:41]} 17. Rad1 {[%emt 0:07:29]} Qe8 {[%emt 0:01:41]} 18. b3 {[%emt 0:06:44]} Nge7 {[%emt 0:19:39]} 19. Kh1 {[%emt 0:05:32]} Nd8 {[%emt 0:04:24]} 20. Bc1 {[%emt 0:09:32]} Ne6 {[%emt 0:02:26]} 21. Ne3 {[%emt 0:05:35]} f5 {[%emt 0:01:42]} 22. Nd5 {[%emt 0:02:16]} Nxd5 {[%emt 0:03:33]} 23. cxd5 {[%emt 0:01:02]} f4 {[%emt 0:04:22]} 24. Qg4 {[%emt 0:02:59]} Ng7 {[%emt 0:00:48]} 25. Kg1 {[%emt 0:01:43]} g5 {[%emt 0:02:32]} 26. Nf3 {[%emt 0:01:34]} Kg6 {[%emt 0:04:25]} 27. c4 {[%emt 0:01:01]} Qd8 {[%emt 0:00:55]} 28. h4 {[%emt 0:00:43]} Qc8 {[%emt 0:00:20]} 29. Qxc8 {[%emt 0:03:33]} Raxc8 {[%emt 0:00:02]} 30. Kf1 {[%emt 0:00:33]} g4 {[%emt 0:00:13]} 31. Nh2 {[%emt 0:02:09]} Kh5 {[%emt 0:00:15]} 32. Ke2 {[%emt 0:00:39]} Kxh4 {[%emt 0:00:27]} 33. Rh1 {[%emt 0:00:12]} Kg5 {[%emt 0:00:07]} 34. f3 {[%emt 0:00:24]} h5 {[%emt 0:00:56]} 35. Bd2 {[%emt 0:03:21]} Rf6 {[%emt 0:00:58]} 36. Bc1 {[%emt 0:00:26]} Rcf8 {[%emt 0:00:34]} 37. Rde1 {[%emt 0:00:18]} Rg6 {[%emt 0:00:15]} 38. Kd3 {[%emt 0:00:24]} Kf6 {[%emt 0:00:27]} 39. Re2 {[%emt 0:00:38]} Ke7 {[%emt 0:00:14]} 40. Bd2 {[%emt 0:00:17]} Rh8 {[%emt 0:00:55]} 41. Be1 {[%emt 0:02:15]} g3 {[%emt 0:00:19]} 42. Nf1 {[%emt 0:00:11]} h4 {[%emt 0:00:06]} 43. Rh3 {[%emt 0:02:46]} Ne8 {[%emt 0:00:16]} 44. Bc3 {[%emt 0:00:17]} Nf6 {[%emt 0:00:06]} 45. Re1 {[%emt 0:00:14]} Rh5 {[%emt 0:00:07]} 46. Nd2 {[%emt 0:00:14]} Nh7 {[%emt 0:00:28]} 47. Reh1 {[%emt 0:00:10]} Rgh6 {[%emt 0:00:05]} 48. Nb1 {[%emt 0:01:23]} Ng5 {[%emt 0:00:10]} 49. Bd2 {[%emt 0:00:22]} Nxf3 {[%emt 0:00:46]} 50. Ke2 {[%emt 0:02:27]} Ng5 {[%emt 0:00:33]} 51. Nc3 {[%emt 0:00:33]} Bd4 {[%emt 0:00:46]} 52. Nb5 {[%emt 0:00:16]} Bc5 {[%emt 0:03:48]} 53. Nc3 {[%emt 0:00:37]} f3+ {[%emt 0:00:27]} 54. gxf3 {[%emt 0:00:45]} Nxh3 {[%emt 0:00:17]} 55. Kf1 {[%emt 0:00:21]} Nf4 {[%emt 0:00:57]} 0-1

[Event "Bruges Masters 2019"]
[Site "Bruges"]
[Date "2019.08.13"]
[Round "5.9"]
[White "De Jong, Migchiel"]
[Black "Du, Chunhui"]
[Result "0-1"]
[WhiteElo "2345"]
[BlackElo "2137"]
[Annotator "ChessBase"]
[PlyCount "110"]
[EventDate "2019.08.11"]
[EventType "swiss"]
[EventCountry "BEL"]
[SourceTitle "playchess.com"]
[Source "ChessBase"]
[SourceQuality "1"]
[TimeControl "5400+30"]

1. Nf3 {[%emt 0:00:00]} Nf6 {[%emt 0:00:58]} 2. c4 {[%emt 0:00:05]} e6 {[%emt 0:02:35]} 3. g3 {[%emt 0:00:15]} b6 {[%emt 0:00:36]} 4. Bg2 {[%emt 0:00:09]} Bb7 {[%emt 0:00:02]} 5. d4 {[%emt 0:00:13]} Bb4+ {[%emt 0:00:06]} 6. Bd2 {[%emt 0:00:07]} Qe7 {[%emt 0:00:22]} 7. O-O {[%emt 0:01:23]} Bxd2 {[%emt 0:10:46]} 8. Qxd2 {[%emt 0:00:16]} O-O {[%emt 0:01:03]} 9. Nc3 {[%emt 0:02:45]} d6 {[%emt 0:01:13]} 10. d5 {[%emt 0:01:35]} e5 {[%emt 0:14:33]} 11. Nh4 {[%emt 0:01:11]} g6 {[%emt 0:02:24]} 12. Qg5 {[%emt 0:04:32]} Kh8 {[%emt 0:03:45]} 13. f4 {[%emt 0:01:09]} Nbd7 {[%emt 0:03:00]} 14. Bh3 {[%emt 0:03:03]} Rae8 {[%emt 0:01:37]} 15. f5 {[%emt 0:02:07]} Ng8 {[%emt 0:15:08]} 16. Qxe7 {[%emt 0:00:41]} Rxe7 {[%emt 0:00:31]} 17. fxg6 {[%emt 0:04:30]} fxg6 {[%emt 0:00:34]} 18. Nb5 {[%emt 0:01:10]} a6 {[%emt 0:01:10]} 19. Na7 {[%emt 0:07:44]} Ndf6 {[%emt 0:02:56]} 20. b4 {[%emt 0:01:55]} Kg7 {[%emt 0:01:23]} 21. a4 {[%emt 0:00:58]} Ra8 {[%emt 0:00:40]} 22. Nc6 {[%emt 0:00:07]} Bxc6 {[%emt 0:00:02]} 23. dxc6 {[%emt 0:00:08]} a5 {[%emt 0:01:07]} 24. c5 {[%emt 0:01:44]} bxc5 {[%emt 0:01:12]} 25. bxc5 {[%emt 0:00:14]} Ra6 {[%emt 0:00:31]} 26. cxd6 {[%emt 0:02:15]} cxd6 {[%emt 0:00:12]} 27. Rfc1 {[%emt 0:03:45]} Rc7 {[%emt 0:00:18]} 28. Rab1 {[%emt 0:02:44]} Raxc6 {[%emt 0:13:49]} 29. Rxc6 {[%emt 0:00:12]} Rxc6 {[%emt 0:00:00]} 30. Be6 {[%emt 0:00:23]} Rc7 {[%emt 0:01:26]} 31. Rb6 {[%emt 0:01:41]} Ne4 {[%emt 0:00:48]} 32. Ra6 {[%emt 0:01:54]} Nc5 {[%emt 0:04:56]} 33. Rxd6 {[%emt 0:00:07]} Nf6 {[%emt 0:00:07]} 34. Nf3 {[%emt 0:01:43]} Nfe4 {[%emt 0:00:13]} 35. Rb6 {[%emt 0:00:26]} Nxa4 {[%emt 0:00:02]} 36. Rb5 {[%emt 0:01:34]} Nac5 {[%emt 0:00:12]} 37. Bc4 {[%emt 0:02:14]} Nd6 {[%emt 0:00:40]} 38. Rxa5 {[%emt 0:04:51]} Nxc4 {[%emt 0:00:05]} 39. Rb5 {[%emt 0:00:15]} Kf6 {[%emt 0:00:25]} 40. h4 {[%emt 0:00:12]} Ne6 {[%emt 0:00:29]} 41. Kf2 {[%emt 0:01:46]} e4 {[%emt 0:02:47]} 42. Nh2 {[%emt 0:00:09]} e3+ {[%emt 0:02:52]} 43. Kf1 {[%emt 0:00:13]} h5 {[%emt 0:00:48]} 44. Rd5 {[%emt 0:01:04]} Rc5 {[%emt 0:02:03]} 45. Rd3 {[%emt 0:01:03]} Kf5 {[%emt 0:00:15]} 46. Kg2 {[%emt 0:00:46]} Ke4 {[%emt 0:00:22]} 47. Nf3 {[%emt 0:01:14]} Ne5 {[%emt 0:00:54]} 48. Rd6 {[%emt 0:01:05]} Nxf3 {[%emt 0:00:15]} 49. exf3+ {[%emt 0:00:33]} Ke5 {[%emt 0:00:13]} 50. Rd3 {[%emt 0:00:21]} Rc2+ {[%emt 0:00:03]} 51. Kg1 {[%emt 0:00:21]} e2 {[%emt 0:00:05]} 52. Re3+ {[%emt 0:01:09]} Kd5 {[%emt 0:00:03]} 53. Kf2 {[%emt 0:01:54]} Nd4 {[%emt 0:00:06]} 54. Re8 {[%emt 0:01:45]} Rc1 {[%emt 0:00:29]} 55. Rd8+ {[%emt 0:02:04]} Ke6 {[%emt 0:00:09]} 0-1

[Event "Bruges Masters 2019"]
[Site "Bruges"]
[Date "2019.08.13"]
[Round "5.10"]
[White "Barzeele, Raf"]
[Black "Van Osch, Mees"]
[Result "0-1"]
[WhiteElo "1940"]
[BlackElo "2316"]
[Annotator "TA"]
[PlyCount "48"]
[EventDate "2019.08.11"]
[EventType "swiss"]
[EventCountry "BEL"]
[SourceTitle "playchess.com"]
[Source "ChessBase"]
[SourceQuality "1"]

{[%evp 12,48,30,11,41,28,28,5,3,0,13,3,10,0,54,3,0,-35,-22,-51,-20,-30,-6,-19,0,-11,0,0,0,0,0,0,0,0,0,0,0,-475,-467]} 1. c4 b6 2. d4 Bb7 3. Nc3 e6 4. a3 Nf6 5. Bg5 d5 6. cxd5 exd5 7. Nf3 Bd6 {E12: Queen's Indian: Unusual White 4th moves, 4 a3, 4 Nc3 Bb7 5 a3 and 4 Nc3 Bb7} (7... Nbd7 8. Qa4 c6 9. Ne5 b5 10. Qc2 Be7 11. Nxd7 Nxd7 12. Bxe7 Qxe7 13. e3 a6 14. Rd1 O-O 15. Be2 c5 16. dxc5 Qxc5 {1-0 (38) Gupta,A (2630)-Rozentalis,E (2552) Warsaw 2016}) 8. e3 O-O 9. Qb3 $146 ({Predecessor:} 9. Bd3 c5 10. O-O Nbd7 11. Qc2 h6 12. Bh4 Re8 13. Rfe1 Rc8 14. Bf5 cxd4 15. Bxf6 gxf6 16. exd4 {½-½ (23) Huttunen,R-Singhal,S IECG email 1997}) 9... Nbd7 {The position is equal.} 10. Be2 c6 11. O-O Re8 12. Rfe1 Rc8 (12... Qc7 $11) 13. Bf1 (13. e4 $14) 13... Qc7 14. Bxf6 Nxf6 15. Qa2 a5 16. Rac1 Qb8 (16... Qd8 {seems wilder.} 17. Qb3 b5 18. Bd3 Qd7 19. Qc2 g6) 17. g3 Qa7 18. Qb1 Ba6 19. Bxa6 Qxa6 20. e4 dxe4 21. Nxe4 Nxe4 22. Rxe4 Qb5 23. Rxe8+ Rxe8 24. Ng5 $2 {[%mdl 8192] [#]} (24. Qc2 $11 {and White is okay.}) 24... Qxg5 {Accuracy: White = 37%, Black = 38%.} 0-1

[Event "Bruges Masters 2019"]
[Site "Bruges"]
[Date "2019.08.13"]
[Round "5.11"]
[White "Danneel, Geert"]
[Black "Offringa, Joost"]
[Result "0-1"]
[WhiteElo "1909"]
[BlackElo "2291"]
[Annotator "ChessBase"]
[PlyCount "54"]
[EventDate "2019.08.11"]
[EventType "swiss"]
[EventCountry "BEL"]
[SourceTitle "playchess.com"]
[Source "ChessBase"]
[SourceQuality "1"]
[TimeControl "5400+30"]

1. e4 {[%emt 0:00:00]} d6 {[%emt 0:00:48]} 2. d4 {[%emt 0:00:00]} Nf6 {[%emt 0:00:05]} 3. Nc3 {[%emt 0:00:02]} g6 {[%emt 0:00:52]} 4. f4 {[%emt 0:00:09]} Bg7 {[%emt 0:00:04]} 5. Nf3 {[%emt 0:00:30]} O-O {[%emt 0:00:06]} 6. Bd3 {[%emt 0:00:54]} Nc6 {[%emt 0:00:05]} 7. e5 {[%emt 0:00:48]} Ng4 {[%emt 0:00:27]} 8. Qe2 {[%emt 0:25:33]} Nb4 {[%emt 0:20:21]} 9. Bc4 {[%emt 0:08:43]} c5 {[%emt 0:12:06]} 10. dxc5 {[%emt 0:09:26]} dxe5 {[%emt 0:15:24]} 11. fxe5 {[%emt 0:04:29]} Bf5 {[%emt 0:18:33]} 12. O-O {[%emt 0:17:29]} Nxe5 {[%emt 0:01:15]} 13. Bb3 {[%emt 0:09:09]} Nxf3+ {[%emt 0:08:36]} 14. Qxf3 {[%emt 0:02:43]} Nxc2 {[%emt 0:00:07]} 15. Bxc2 {[%emt 0:03:07]} Bxc2 {[%emt 0:00:06]} 16. Qxb7 {[%emt 0:00:51]} Qd4+ {[%emt 0:01:22]} 17. Kh1 {[%emt 0:01:48]} Qxc5 {[%emt 0:00:11]} 18. Nd5 {[%emt 0:02:40]} e6 {[%emt 0:08:42]} 19. Nf6+ {[%emt 0:02:11]} Bxf6 {[%emt 0:00:05]} 20. Rxf6 {[%emt 0:00:16]} Qe5 {[%emt 0:00:07]} 21. Rf1 {[%emt 0:00:27]} Be4 {[%emt 0:00:16]} 22. Qe7 {[%emt 0:03:02]} Qd5 {[%emt 0:01:16]} 23. Rg1 {[%emt 0:00:01]} Rfc8 {[%emt 0:01:34]} 24. Bh6 {[%emt 0:02:56]} Rc2 {[%emt 0:00:30]} 25. Qg5 {[%emt 0:00:26]} Rxb2 {[%emt 0:01:16]} 26. Qg3 {[%emt 0:02:52]} Rc8 {[%emt 0:02:30]} 27. Rad1 {[%emt 0:00:47]} Rxg2 {[%emt 0:00:22]} 0-1

[Event "Bruges Masters 2019"]
[Site "Bruges"]
[Date "2019.08.13"]
[Round "5.12"]
[White "Wilschut, Peter"]
[Black "Ouaki, Mark"]
[Result "1-0"]
[WhiteElo "2279"]
[BlackElo "1939"]
[Annotator "ChessBase"]
[PlyCount "99"]
[EventDate "2019.08.11"]
[EventType "swiss"]
[EventCountry "BEL"]
[SourceTitle "playchess.com"]
[Source "ChessBase"]
[SourceQuality "1"]
[TimeControl "5400+30"]

1. c4 {[%emt 0:00:00]} Nf6 {[%emt 0:01:32]} 2. Nc3 {[%emt 0:00:05]} g6 {[%emt 0:00:36]} 3. g3 {[%emt 0:00:23]} Bg7 {[%emt 0:00:29]} 4. Bg2 {[%emt 0:00:05]} c5 {[%emt 0:00:43]} 5. d3 {[%emt 0:00:16]} O-O {[%emt 0:00:21]} 6. Bd2 {[%emt 0:00:10]} Nc6 {[%emt 0:00:29]} 7. Qc1 {[%emt 0:00:09]} Re8 {[%emt 0:02:48]} 8. Bh6 {[%emt 0:00:12]} Bh8 {[%emt 0:00:45]} 9. h4 {[%emt 0:00:07]} Ng4 {[%emt 0:10:39]} 10. Bg5 {[%emt 0:12:12]} h5 {[%emt 0:06:08]} 11. f3 {[%emt 0:05:28]} Nf6 {[%emt 0:03:21]} 12. g4 {[%emt 0:02:27]} Kh7 {[%emt 0:22:18]} 13. Nh3 {[%emt 0:04:24]} d6 {[%emt 0:08:46]} 14. Nf4 {[%emt 0:02:56]} Nxg4 {[%emt 0:12:07]} 15. fxg4 {[%emt 0:00:46]} Bxg4 {[%emt 0:00:06]} 16. Nh3 {[%emt 0:23:43]} Qd7 {[%emt 0:07:44]} 17. Nf2 {[%emt 0:01:09]} Nd4 {[%emt 0:08:26]} 18. Qd2 {[%emt 0:13:39]} Qe6 {[%emt 0:03:13]} 19. O-O-O {[%emt 0:11:38]} Nxe2+ {[%emt 0:02:37]} 20. Nxe2 {[%emt 0:00:36]} Qxe2 {[%emt 0:00:15]} 21. Qxe2 {[%emt 0:09:29]} Bxe2 {[%emt 0:00:20]} 22. Rde1 {[%emt 0:00:08]} f6 {[%emt 0:00:18]} 23. Bd2 {[%emt 0:01:30]} Bg4 {[%emt 0:00:15]} 24. Nxg4 {[%emt 0:00:31]} hxg4 {[%emt 0:00:16]} 25. Bxb7 {[%emt 0:00:06]} Rab8 {[%emt 0:01:22]} 26. Bc6 {[%emt 0:00:06]} e5 {[%emt 0:00:18]} 27. Bxe8 {[%emt 0:00:24]} Rxe8 {[%emt 0:00:06]} 28. h5 {[%emt 0:04:19]} g5 {[%emt 0:03:23]} 29. Rhg1 {[%emt 0:00:57]} f5 {[%emt 0:00:09]} 30. Bxg5 {[%emt 0:00:06]} Rg8 {[%emt 0:01:20]} 31. Be7 {[%emt 0:02:52]} f4 {[%emt 0:00:23]} 32. Bxd6 {[%emt 0:00:15]} f3 {[%emt 0:01:37]} 33. Bxc5 {[%emt 0:00:48]} Bf6 {[%emt 0:00:12]} 34. Bf2 {[%emt 0:00:17]} Bg5+ {[%emt 0:00:06]} 35. Kc2 {[%emt 0:00:48]} Bf4 {[%emt 0:00:06]} 36. c5 {[%emt 0:01:21]} g3 {[%emt 0:01:50]} 37. Bxg3 {[%emt 0:00:08]} Bxg3 {[%emt 0:00:07]} 38. Ref1 {[%emt 0:00:28]} f2 {[%emt 0:01:53]} 39. Rxg3 {[%emt 0:00:05]} Rxg3 {[%emt 0:00:04]} 40. Rxf2 {[%emt 0:00:06]} Rg5 {[%emt 0:01:01]} 41. b4 {[%emt 0:00:24]} Rxh5 {[%emt 0:00:15]} 42. Rf7+ {[%emt 0:00:05]} Kg6 {[%emt 0:00:07]} 43. Rxa7 {[%emt 0:00:12]} Kf5 {[%emt 0:00:14]} 44. b5 {[%emt 0:00:19]} Ke6 {[%emt 0:00:09]} 45. b6 {[%emt 0:00:32]} Rh8 {[%emt 0:00:14]} 46. Rc7 {[%emt 0:00:21]} e4 {[%emt 0:00:26]} 47. dxe4 {[%emt 0:00:09]} Rb8 {[%emt 0:00:18]} 48. b7 {[%emt 0:00:09]} Ke5 {[%emt 0:00:14]} 49. c6 {[%emt 0:00:06]} Kd6 {[%emt 0:00:39]} 50. Rc8 {[%emt 0:00:07]} 1-0

[Event "Bruges Masters 2019"]
[Site "Bruges"]
[Date "2019.08.13"]
[Round "6.1"]
[White "Mirzoev, Azer"]
[Black "Ortiz Suarez, Isan Reynaldo"]
[Result "1/2-1/2"]
[WhiteElo "2474"]
[BlackElo "2533"]
[Annotator "ChessBase"]
[PlyCount "24"]
[EventDate "2019.08.11"]
[EventType "swiss"]
[EventCountry "BEL"]
[SourceTitle "playchess.com"]
[Source "ChessBase"]
[SourceQuality "1"]
[TimeControl "5400+30"]

1. c4 {[%emt 0:03:27]} Nf6 {[%emt 0:00:00]} 2. Nc3 {[%emt 0:00:08]} e6 {[%emt 0:00:07]} 3. d4 {[%emt 0:00:24]} d5 {[%emt 0:00:07]} 4. Bg5 {[%emt 0:00:17]} Be7 {[%emt 0:00:17]} 5. e3 {[%emt 0:00:05]} c6 {[%emt 0:00:36]} 6. Nf3 {[%emt 0:00:08]} Nbd7 {[%emt 0:00:05]} 7. a3 {[%emt 0:00:22]} O-O {[%emt 0:00:17]} 8. Rc1 {[%emt 0:00:05]} h6 {[%emt 0:00:17]} 9. Bh4 {[%emt 0:00:04]} b6 {[%emt 0:00:16]} 10. cxd5 {[%emt 0:00:08]} exd5 {[%emt 0:00:11]} 11. Bd3 {[%emt 0:00:08]} Bb7 {[%emt 0:00:03]} 12. O-O {[%emt 0:00:07]} Re8 {[%emt 0:00:06]} 1/2-1/2